Statistiques concernant Focus sur: Salazar Serpentard - Harry Potter

Cliquez ici pour prendre le quiz!

Statistiques générales

  • Ce quiz a été pris 255 fois
  • Le résultat moyen est 7 sur 9

Statistiques - réponses

Informations recherchéesRéponses% Correct
Ecole "fréquentée"Poudlard
100%
Animal représentatifSerpent
100%
Maison "fréquentée"Serpentard
100%
Statut du sangSang-Pur
99%
Première mentionHarry Potter et la Chambre des Secrets
93%
ReliqueMédaillon
88%
ProfessionFondateur de Poudlard
75%
Intérieur de la baguetteCorne de Basilic
50%
Bois de la baguetteAmourette
13%

Distribution des résultats

Percentile par nombre de réponses

% des personnes avec chaque résultat

Votre développement - résultats

Vous n’avez pas pris ce quiz